h1

h2

h3

h4

h5
h6
000976928 001__ 976928
000976928 005__ 20251002175851.0
000976928 0247_ $$2ISSN$$a2352-7110
000976928 0247_ $$2SCOPUS$$aSCOPUS:2-s2.0-85166977746
000976928 0247_ $$2WOS$$aWOS:001063069300001
000976928 0247_ $$2doi$$a10.1016/j.softx.2023.101487
000976928 0247_ $$2datacite_doi$$a10.18154/RWTH-2024-00452
000976928 037__ $$aRWTH-2024-00452
000976928 041__ $$aEnglish
000976928 082__ $$a004
000976928 1001_ $$0P:(DE-82)IDM03411$$aGürses-Tran, Gonca$$b0$$eCorresponding author$$urwth
000976928 245__ $$aProLoaF : Probabilistic load forecasting for power systems$$honline
000976928 260__ $$aAmsterdam [u.a.]$$bElsevier$$c2023
000976928 300__ $$a[1]-7
000976928 3367_ $$00$$2EndNote$$aJournal Article
000976928 3367_ $$0PUB:(DE-HGF)16$$2PUB:(DE-HGF)$$aJournal Article$$bjournal$$mjournal
000976928 3367_ $$2BibTeX$$aARTICLE
000976928 3367_ $$2DRIVER$$aarticle
000976928 3367_ $$2DataCite$$aOutput Types/Journal article
000976928 3367_ $$2ORCID$$aJOURNAL_ARTICLE
000976928 588__ $$aDataset connected to , , , CrossRef, Journals: publications.rwth-aachen.de
000976928 591__ $$aGermany
000976928 7001_ $$0P:(DE-82)985473$$aOppermann, Florian$$b1$$urwth
000976928 7001_ $$0P:(DE-82)IDM01565$$aMonti, Antonello$$b2$$urwth
000976928 773__ $$0PERI:(DE-600)2819369-6$$a10.1016/j.softx.2023.101487$$p101487$$tSoftwareX$$v23$$x2352-7110$$y2023
000976928 8564_ $$uhttps://publications.rwth-aachen.de/record/976928/files/976928.pdf$$yOpenAccess
000976928 909CO $$ooai:publications.rwth-aachen.de:976928$$popenaire$$popen_access$$pVDB$$pdriver$$pdnbdelivery
000976928 9101_ $$0I:(DE-588b)36225-6$$6P:(DE-82)IDM03411$$aRWTH Aachen$$b0$$kRWTH
000976928 9101_ $$0I:(DE-588b)36225-6$$6P:(DE-82)985473$$aRWTH Aachen$$b1$$kRWTH
000976928 9101_ $$0I:(DE-588b)36225-6$$6P:(DE-82)IDM01565$$aRWTH Aachen$$b2$$kRWTH
000976928 9141_ $$y2023
000976928 9151_ $$0StatID:(DE-HGF)0031$$2StatID$$aPeer reviewed article$$x0
000976928 915__ $$0StatID:(DE-HGF)0150$$2StatID$$aDBCoverage$$bWeb of Science Core Collection$$d2023-10-26
000976928 915__ $$0StatID:(DE-HGF)0300$$2StatID$$aDBCoverage$$bMedline$$d2023-10-26
000976928 915__ $$0StatID:(DE-HGF)1160$$2StatID$$aDBCoverage$$bCurrent Contents - Engineering, Computing and Technology$$d2023-10-26
000976928 915__ $$0LIC:(DE-HGF)CCBY4$$2HGFVOC$$aCreative Commons Attribution CC BY 4.0
000976928 915__ $$0StatID:(DE-HGF)0100$$2StatID$$aJCR$$bSOFTWAREX : 2022$$d2023-10-26
000976928 915__ $$0StatID:(DE-HGF)0500$$2StatID$$aDBCoverage$$bDOAJ$$d2023-05-02T08:51:36Z
000976928 915__ $$0StatID:(DE-HGF)0200$$2StatID$$aDBCoverage$$bSCOPUS$$d2023-10-26
000976928 915__ $$0StatID:(DE-HGF)0501$$2StatID$$aDBCoverage$$bDOAJ Seal$$d2023-05-02T08:51:36Z
000976928 915__ $$0StatID:(DE-HGF)0113$$2StatID$$aWoS$$bScience Citation Index Expanded$$d2023-10-26
000976928 915__ $$0StatID:(DE-HGF)0700$$2StatID$$aFees$$d2023-10-26
000976928 915__ $$0StatID:(DE-HGF)9900$$2StatID$$aIF < 5$$d2023-10-26
000976928 915__ $$0StatID:(DE-HGF)0510$$2StatID$$aOpenAccess
000976928 915__ $$0StatID:(DE-HGF)0561$$2StatID$$aArticle Processing Charges$$d2023-10-26
000976928 915__ $$0StatID:(DE-HGF)0160$$2StatID$$aDBCoverage$$bEssential Science Indicators$$d2023-10-26
000976928 915__ $$0StatID:(DE-HGF)0199$$2StatID$$aDBCoverage$$bClarivate Analytics Master Journal List$$d2023-10-26
000976928 9201_ $$0I:(DE-82)616310_20140620$$k616310$$lLehrstuhl für Automation of Complex Power Systems$$x0
000976928 9201_ $$0I:(DE-82)080052_20160101$$k080052$$lE.ON Energy Research Center$$x1
000976928 9201_ $$0I:(DE-82)053300_20140620$$k053300$$lFraunhofer-Institut für Angewandte Informationstechnik - FIT$$x2
000976928 961__ $$c2024-01-14T23:46:54.047187$$x2024-01-14T23:46:54.047187$$z2024-01-15
000976928 9801_ $$aFullTexts
000976928 980__ $$aI:(DE-82)053300_20140620
000976928 980__ $$aI:(DE-82)080052_20160101
000976928 980__ $$aI:(DE-82)616310_20140620
000976928 980__ $$aUNRESTRICTED
000976928 980__ $$aVDB
000976928 980__ $$ajournal